Environmental economics : (Record no. 42515)
[ view plain ]
| 000 -LEADER | |
|---|---|
| fixed length control field | 01027nam a2200301 a 4500 |
| 001 - CONTROL NUMBER | |
| control field | 42515 |
| 003 - CONTROL NUMBER IDENTIFIER | |
| rucl marc code | BD-RjUL |
| 005 - DATE AND TIME OF LATEST TRANSACTION | |
| control field | 20211209053543.0 |
| 008 - FIXED-LENGTH DATA ELEMENTS--GENERAL INFORMATION | |
| fixed length control field | 160613s1979 miu b 001 0 eng |
| 020 ## - INTERNATIONAL STANDARD BOOK NUMBER | |
| International Standard Book Number | 0810314339 |
| 035 ## - SYSTEM CONTROL NUMBER | |
| System control number | (BD-RjUL)42633 |
| 040 ## - CATALOGING SOURCE | |
| Original cataloging agency | DLC |
| Transcribing agency | DLC |
| Modifying agency | DLC |
| -- | BD-RjUL |
| Language of cataloging | eng |
| 041 ## - LANGUAGE CODE | |
| Language code of text/sound track or separate title | eng |
| 082 00 - DEWEY DECIMAL CLASSIFICATION NUMBER | |
| Classification number | 333.7 |
| Edition number | 23 |
| Author mark and year | FIE 1979 |
| 100 1# - MAIN ENTRY--PERSONAL NAME | |
| Personal name | Field, Barry C. |
| 9 (RLIN) | 130759 |
| 245 10 - TITLE STATEMENT | |
| Title | Environmental economics : |
| Remainder of title | a guide to information sources / |
| Statement of responsibility, etc. | Barry C. Field, Cleve E. Willis. |
| 260 ## - PUBLICATION, DISTRIBUTION, ETC. (IMPRINT) | |
| Place of publication, distribution, etc. | Detroit : |
| Name of publisher, distributor, etc. | Gale Research Co., |
| Date of publication, distribution, etc. | c1979. |
| 300 ## - PHYSICAL DESCRIPTION | |
| Pagination | xix, 243 p. ; |
| Size | 22 cm. |
| 490 0# - SERIES STATEMENT | |
| Series statement | Man and the environment information guide series ; v. 8 |
| Series statement | Gale information guide library |
| 500 ## - GENERAL NOTE | |
| General note | Includes indexes. |
| 504 ## - BIBLIOGRAPHY, ETC. NOTE | |
| Bibliography, etc | Includes Bibliography |
| 650 #0 - SUBJECT ADDED ENTRY--TOPICAL TERM | |
| Topical term or geographic name as entry element | Environmental policy |
| General subdivision | Bibliography. |
| 9 (RLIN) | 130760 |
| Topical term or geographic name as entry element | Environmental economics |
| 9 (RLIN) | 121180 |
| 700 1# - ADDED ENTRY--PERSONAL NAME | |
| Personal name | Willis, Cleve E., |
| Relator term | joint author. |
| 856 ## - ELECTRONIC LOCATION AND ACCESS | |
| Materials specified | Man and the environment information guide series ; v. 8 |
| 942 ## - ADDED ENTRY ELEMENTS (KOHA) | |
| Source of classification or shelving scheme | Dewey Decimal Classification |
| Koha item type | Books |
| Lost status | Source of classification or shelving scheme | Damaged status | Not for loan | Collection code | Permanent Location | Current Location | Shelving location | Date acquired | Source of acquisition | Total Checkouts | Full call number | Date last seen | Copy number | Koha item type |
|---|---|---|---|---|---|---|---|---|---|---|---|---|---|---|
| Dewey Decimal Classification | Non-fiction | Central Library, University of Rajshahi | Central Library, University of Rajshahi | 08/03/1989 | Asia Foundation | 333.7 FIE V-8 1979 | 13/06/2016 | C-2 | Books |